[Event "London Classic 7th"]
[Site "London"]
[Date "2015.12.08"]
[Round "5"]
[White "Aronian, Levon"]
[Black "Carlsen, Magnus"]
[Result "1/2-1/2"]
[WhiteElo "2788"]
[BlackElo "2834"]
[Annotator "Krasenkow,M"]
[PlyCount "80"]
[EventDate "2015.12.04"]
[EventType "tourn"]
[EventRounds "9"]
[EventCountry "ENG"]
[EventCategory "22"]
[SourceTitle "CBM 170"]
[Source "ChessBase"]
[SourceDate "2016.01.15"]
[SourceVersion "1"]
[SourceVersionDate "2016.01.15"]
[SourceQuality "1"]

1. c4 Nf6 2. Nc3 c5 3. Nf3 e6 4. e3 d5 5. cxd5 Nxd5 6. d4 cxd4 7. exd4 Nxc3 {
A rare but solid continuation. Black usually plays} (7... Be7) ({or} 7... Bb4)
8. bxc3 Qc7 {This immediate attack on White's c3-pawn, preventing Bf1-d3, is
the only way for Black to justify his previous move.} (8... Be7 9. Bd3 {
is comfortable for White.}) 9. Bd2 {This move looks passive but other defences
have their drawbacks, too:} (9. c4 Bb4+ 10. Bd2 Bxd2+ 11. Qxd2 b6 12. Be2 O-O
13. O-O Nd7 14. a4 Bb7 15. a5 Rfd8 16. Qe3 Rac8 17. Rfc1 bxa5 18. Nd2 Nb6 $11 {
1/2 (93) Timman,J (2615)-Fressinet,L (2711) Malmo 2014}) (9. Bb5+ Nd7 10. O-O
Bd6 11. d5 O-O 12. dxe6 fxe6 13. h3 Nf6 14. Re1 e5 15. Ba3 Bxa3 16. Qb3+ Kh8
17. Qxa3 Bd7 18. Rxe5 {1/2 (18) Ghaem Maghami,E (2596)-Kramnik,V (2777) Berlin
2015}) (9. Bb2 Nd7 (9... Bd6 10. Bd3 Nd7 11. O-O O-O 12. c4 Rd8 13. Qe2 Nf8 14.
Qe4 Bd7 15. Qg4 Ng6 16. Qh5 Bf4 17. Rfe1 Bc6 18. Ng5 Bxg5 19. Qxg5 Qf4 $11 {
1-0 (92) Khismatullin,D (2649)-Ghane Gardeh,S (2398) Moscow 2011}) 10. Bd3 Ba3
$5 11. Qb3 Bxb2 12. Qxb2 O-O 13. O-O b6 14. Be4 Rb8 15. Rac1 b5 16. Rfe1 Bb7
$11 {0-1 (44) Klimentov,E (2196)-Kharitonov,A (2553) Voronezh 2015}) (9. Qc2
Nd7 (9... b6 $5 10. Bb5+ Nd7 11. O-O a6 12. Bd3 Bb7 13. Ng5 $6 Bd6 14. f4 Nf6
15. Bd2 Rc8 16. Rae1 h6 17. Ne4 Nxe4 18. Bxe4 O-O $11 {1/2 (63) Milov,V (2669)
-Houska,J (2392) Gibraltar 2009}) 10. Bd3 b6 11. O-O Bb7 12. Ng5 (12. Re1 Bd6
13. Be4 Bxe4 14. Rxe4 Nf6 15. Rh4 Rc8 16. Bd2 h6 17. Re1 Nd5 18. Qe4 Nf6 19.
Qb1 Nd5 20. Rg4 Kf8 $13 {1-0 (33) Adams,M (2724)-Houska,J (2401) London 2007})
(12. Be4 $11) 12... Bd6 13. h3 h6 (13... Bh2+ $6 14. Kh1 Bf4 15. Re1 Bxg5 16.
Bxg5 h6 17. Bd2 Nf6 18. c4 O-O 19. a4 $14 {0-1 (36) Riazantsev,A (2646)
-Kramnik,V (2777) Berlin GER 2015}) 14. Ne4 Be7 $11) 9... Nd7 10. Bd3 b6 {
Black can develop his kingside bishop first:} (10... Be7 $5 11. O-O b6 12. Re1
Bb7 13. Ng5 Nf6 14. Re3 h6 15. Rh3 Bd6 16. Qe2 O-O 17. Ne4 Bxe4 18. Bxe4 Nxe4
19. Qxe4 Rfe8 $11 {0-1 (29) Dickenson,N (2250)-Levitt,J (2445) Maidstone 1994})
(10... Bd6 11. O-O b6 $5 (11... O-O 12. Qe2 Nf6 13. Ne5 Bxe5 14. dxe5 Nd7 15.
Rfe1 $1 (15. Rae1 Nc5 16. Bb1 b6 17. Qh5 g6 18. Qh4 Ba6 19. c4 Nd7 $13 {
0-1 (52) Hou,Y (2673)-Dimitrov,R (2445) Bastia 2014}) 15... Nc5 16. Bc2 $40)
12. Re1 (12. d5 Nc5 13. Bb5+ Bd7 14. Bxd7+ Qxd7 15. c4 O-O 16. Be3 Rac8 17. Qd4
Rfe8 18. Rad1 e5 $15 {0-1 (28) Bern,I (2345)-Ogaard,L (2395) Oslo 2006}) 12...
Bb7 13. c4 O-O 14. Rc1 (14. Bc3 Rfe8 15. Ng5 $6 h6 16. Nf3 Rad8 $15 {0-1 (60)
Rantanen,Y (2308)-Barbosa,O (2501) Pattaya 2015}) 14... Rac8 15. d5 Bf4 (15...
Nc5 $5 16. Bxh7+ $140 Kxh7 17. Ng5+ Kg6) 16. Ng5 Bxg5 17. Bxg5 Nc5 18. Re3 f6
19. Rh3 Nxd3 20. Qxd3 {1-0 (25) Nurkic,S (2415)-Majeric,Z (2345) Tuzla 2007} g6
$13) 11. Ng5 {White tries to exploit Black's delay in the development of his
kingside but doesn't gain anything.} (11. O-O Bb7 12. c4 Bd6 {- see above})
11... Nf6 12. Qf3 Rb8 13. O-O Bd6 14. Qh3 h6 15. Rfe1 (15. Nf3 $5 {is more
logical, preventing castling. However, Black's position is solid enough in any
case:} Bb7 (15... O-O $2 16. Bxh6 gxh6 17. Qxh6) (15... Bf4 {is less accurate
in view of} 16. Bxf4 Qxf4 17. Ne5 {[%csl Rf4]} O-O 18. g3 Qd2 19. Rfc1 {
[%cal Rc1c2]}) 16. Rae1 Bxf3 $1 {(the simplest: White's strong knight should
be eliminated)} 17. Qxf3 Bxh2+ 18. Kh1 Bd6 19. d5 O-O 20. dxe6 Rbe8 $11) 15...
O-O 16. Nf3 Bf4 17. Bxf4 Qxf4 18. Ne5 Bb7 {Black's queen is safe here.} 19.
Rad1 (19. g3 Qd2 20. Rec1 Qb2 21. a4 Rfc8 {etc. - Black's extra tempo is
crucial}) 19... Qg5 20. c4 Rbd8 21. Qg3 $6 ({As usualwith hanging pawns, it
was better for White to keep queens on the board:} 21. Bf1 $11) 21... Qxg3 22.
hxg3 {A marginal plus now belongs to Black as White's hanging pawns are rather
weak. Still, a draw is the most probable outcome.} Rfe8 ({The immediate} 22...
Nd7 {is more accurate as the most appropriate position of Black's rooks is yet
to be determined.}) 23. f3 Nd7 24. Kf2 Kf8 25. Bc2 Nxe5 26. Rxe5 Re7 27. Bb3
Red7 28. Ke3 {, and the World Champion failed to break down White's defences:}
g6 29. g4 Bc6 30. d5 exd5 31. cxd5 Bb7 32. f4 f6 {(forcing a draw)} 33. Re6
Bxd5 34. Rxd5 Rxd5 35. Bxd5 Rxd5 36. Rxf6+ Kg7 37. Rc6 Ra5 38. Rc2 Kf6 39. Rc6+
Kg7 40. Rc2 Kf6 1/2-1/2

[Event "London Classic 7th"]
[Site "London"]
[Date "2015.12.11"]
[Round "7"]
[White "Carlsen, Magnus"]
[Black "Nakamura, Hikaru"]
[Result "1-0"]
[WhiteElo "2834"]
[BlackElo "2793"]
[Annotator "Nielsen,Peter Heine"]
[PlyCount "155"]
[EventDate "2015.12.04"]
[EventType "tourn"]
[EventRounds "9"]
[EventCountry "ENG"]
[EventCategory "22"]
[SourceTitle "CBM 170"]
[Source "ChessBase"]
[SourceDate "2016.01.15"]
[SourceVersion "1"]
[SourceVersionDate "2016.01.15"]
[SourceQuality "1"]

{3 rounds to go, and not much positive could be said of the World Champion's
experiences in the Grand Chess Tour as of yet. But when, despite a total minus
score, you still have a chance in the overall standings it's hard not to be
motivated, especially when facing the leader, Nakamura.} 1. d4 d5 2. c4 c6 $5 {
An interesting surprise by Nakamura, who has recently, at least result-wise,
done quite well with 2...e6 against Magnus. But having suffered in the opening
in St. Louis, as well as trying to be the first to surprise in this crucial
game, Hikaru goes back to the Slav.} 3. Nf3 Nf6 4. e3 {Magnus' preferred line,
giving Naka his chance to spring his surprise:} Bg4 $5 {Against Magnus, Naka
has played only 4...a6.} 5. h3 Bh5 6. cxd5 $5 {Played after prolonged thought.
It's a rare move at the top level these days, but serves the purpose of not
having to face Nakamuras preparation in the main lines.} cxd5 7. Nc3 e6 8. g4
Bg6 9. Ne5 Nfd7 $1 {Due to the exchange of c-pawns the c6-square is available
for the b8-knight, and like this then Black gets a very harmonious position.}
10. Nxg6 hxg6 11. Bg2 Nc6 12. e4 $5 {An interesting way to change the
structure, as Black was completely fine after} (12. O-O f5 {in Tregubov- Anand
from Corsica 2014. Maybe 11...f5!? would be Black's most exact move-order, but
as Black is fine in the game, it is of minor importance.}) 12... dxe4 13. Nxe4
Bb4+ 14. Nc3 Nb6 15. O-O O-O (15... Nxd4 {was interesting, as} 16. Bxb7 Rxh3 {
would give Black an overwhelming attack, should White take the exchange.
However by playing less materialistically with} 17. Bg2 Rh8 18. Bf4 {White
keeps decent compensation for the sacrificed pawn. But Nakamura seems
reluctant to play his normal aggressive style in this game, bearing in mind
that a draw would keep his tournament lead, and effectively eliminate Magnus
from the fight for overall 1st place.}) 16. d5 exd5 17. Nxd5 Bc5 18. Nc3 Bd4
19. Qf3 Qf6 $6 {Again, sticking to his drawing strategy.} 20. Qxf6 Bxf6 21. Bf4
Rad8 22. Rad1 {After a not too impressive opening, White has gained some
advantage, with basically a free pair of bishops. Even so in a symmetrical
structure without queens Black's position should be drawable, even if
unpleasant. But now Nakamura plays more according to his instincts and
unbalances the position instead of the more obvious rook-swaps in the d-file.}
Bxc3 23. bxc3 Na4 24. c4 Nc3 25. Rd2 $1 {A small, but important move. Like
this White keeps opposing in the d-file, while simultaneously covering the
e2-square.} Rxd2 26. Bxd2 Ne2+ {As the bishop has vacated f4, this check is no
longer dangerous, but} (26... Nxa2 27. Bxc6 $1 bxc6 28. Ra1 {would just trap
the knight, so Black has no choice.}) 27. Kh2 Rd8 28. Be3 Nc3 29. a3 Rd3 30.
Rc1 Nd1 31. Be4 Rd7 32. Bc5 Nb2 33. Rc2 Na4 34. Be3 {The position has
stabilised, White keeps his pair of bishops, and Black had to withdraw his
knight.} Nb6 35. c5 $5 {To some extent limiting the black-squared bishop, but
even if} (35. Bxb6 axb6 36. Rb2 {also is promising, the risk is that some sort
drawn rook-ending a pawn up, could easily end up being the result of White's
effort. So Magnus wisely retains the tension.}) 35... Nd5 36. Rd2 Nf6 37. Rxd7
$5 {It would seem to me, there was logic in keeping the rooks, having more
pieces to try and complicate matters, but Magnus believed the black fortress
was in no way impregnable.} Nxd7 38. Kg3 Kf8 39. f4 Nf6 40. Bf3 Ke7 {The
time-control has been reached, without too much having happened in the game so
far. White does of course have the bishop pair, but Black's position is solid,
without obvious weaknesses, and White's structure is somewhat shattered, and
the knights have strongholds on c6 and f6. It is easy to understand if
Nakamura felt reasonably confident he woud draw this position without too much
trouble. For a start it's hard to see how White can improve his position, and
the next move in many ways looks like worsening it!} 41. f5 $1 gxf5 42. gxf5 {
What has White achieved by this exchange? For a start all his pawns are now
isolated, as well as the f6-stronghold having become even more solid. Even so
there has been considerable progress for White. His king can proceed further
up the board, combined with pushing the h-pawn, and one advantage of the
bishops over the knights, is that it is the bishop who at any moment can
choose to exchange itself. Right now Bxc6 followed by Bg5 is not a threat, as
after ...Kf8 Bxf6 gxf6 the pawn ending is drawn as the black king is in time
with counterplay on the h-file while the white kings walks to a5, but Black
constantly has to be on his guard.} Kd7 43. Kf4 Ne8 {.} 44. Kg5 $1 {As so
often, the king becomes a powerful piece in the endgame, and is here
excellently placed on g5. After 44...Nf6 45.Bxc6+ followed by 46.Bd4 comes
close to forcing a winning pawn ending, but Black seems to draw by a tempo,
meaning just 45.h4! being the right response keeping the tension and further
improving the white position. And after the tempting 44...f6+ White just plays
45.Kh5! when Bxc6+ followed by Kg6 becomes a decisive threat so Black has no
choice, but just has to keep biding his time.} Ke7 (44... Nf6 45. h4 $1) (44...
f6+ 45. Kh5 $1) 45. Bf4 a6 46. h4 Kf8 47. Bg3 Nf6 48. Bd6+ Ke8 49. Kf4 Nd7 50.
Bg2 Kd8 51. Kg5 Ke8 52. h5 Nf6 53. h6 $1 {After patiently making slight
improvements to his position, White now plays the very essential swap of pawns
on the kingside. It does reduce the material left on the board, but much more
importantly undermines the f6-square and as well manages to break through even
further with the king.} Nh7+ 54. Kh5 Nf6+ 55. Kg5 Nh7+ 56. Kh4 $1 {Stepping
out of the reach of the black knights, leaving Black no choice but to take and
allow the white king in.} gxh6 {.} 57. Kh5 Nf6+ 58. Kxh6 Ng4+ 59. Kg7 $1 {
White has made huge progress, and almost made it look like the position after
move 40 was a forced win. But Black's resistance is in no way broken, as the
downside of the white king having reached g7, is that the f5-pawn is much
harder to defend and Nakamura instantly tries to maximise his counterplay
against it.} Nd4 60. Be4 Nf2 61. Bb1 $1 {The chessboard is just big enough for
the bishop to hide from the black knights while keeping f5 protected.} Ng4 {.}
62. Bf4 f6 {Fixing the f-pawn and basing his counterplay on attacking it.} ({
Harassing the bishops will not really work, e.g.} 62... Ne2 63. Bc7 Nc3 64. Bc2
Ne3 65. Bd3 {illustrates that Black would just be making 1-move threats with
no purpose.}) 63. Be4 Nf2 64. Bb1 Ng4 65. Be4 Nf2 {Black's counterplay makes a
lot of sense. In order to proceed, White has to give up the f-pawn further
reducing material.} 66. Bxb7 Nd3 {The first 40 moves indeed were nothing
special, while the next 25 constitute a very instructive ending, where White
breaks through a very solid looking fortress. But the brilliancy and tactical
complications are here very unusually kept for the last stage of the game,
happening after even 6 hours of play.} 67. Kxf6 $3 {A stunning piece sacrifice,
and the only way to win!} ({It looks like} 67. Bd6 $2 Nxf5+ 68. Kxf6 Nxd6 69.
Bc6+ $1 Kd8 70. cxd6 {would lead to an easily winning ending for White, but
surprisingly this position is a draw! White simply has no way to get to the
queenside with his king, without allowing the knight to harass the white pawns:
} Nb2 71. Ke6 Nc4 72. a4 a5 73. Kd5 Ne3+ 74. Kc5 Ng4 {being the principal line.
After} 75. Kb6 Ne5 76. Bb5 Nf7 {Black is just in time, as} 77. d7 Ne5 78. Kxa5
Nxd7 {is a draw, as Black's king reaches the crucial c8-square in the pawn
ending.}) 67... Nxf4 68. Ke5 $1 {This is the point. The king attacks both
knights, which are forced into a purposeless existence, simply defending each
other.} Nfe2 ({After} 68... Nde2 69. Bxa6 {the knights are completely stuck,})
({and} 68... Nxf5 69. Kxf5 Nd3 70. c6 Kd8 71. Bxa6 {leaves White two pawns up,
with no fortress in sight, so Nakamuras plays his best chance.}) 69. f6 $2 {
A mistake that could have ruined an otherwise great game and tournament
comeback.} (69. c6 $1 {would have crowned his efforts, as Black has no other
choice than to give up a knight straightaway, as 69...Kd8 70 f6! will lead to
the promotion of a white pawn, but after} Nxc6+ 70. Bxc6+ Kf8 71. Bd5 $1 {
it makes a huge difference compared to the game, that the white pawns are
still on a3 as well as on f5. The difference is clearly seen after} Nc3 72. Bc4
a5 {as White now doesn't have to defend the a4-pawn and can just simply play}
73. Kd4 Nd1 74. a4 Ke7 (74... Nb2 {would have been relevant were the white
pawn on f6, but here after} 75. Bb3 Ke7 76. Kc3 Nxa4+ 77. Bxa4 Kf6 {the bishop
can defend the pawn, due to it still being on a white square.}) 75. Bb3 Nf2 76.
Kc5 Kf6 77. Be6 {and again it helps that the pawn is on f5 and White wins by
just collecting a5 and then queening the advancing a-pawn while his pawn and
bishop securely defend each other.}) 69... a5 70. a4 {Looks winning, as it
puts Black in a kind of zugzwang, and, as 70.c6 Nb5 leads nowhere, the logical
continuation.} Kf7 71. Bd5+ Kf8 $4 {looks like the solid and obvious move,
keeping the promotion square under control, however it leaves the f6-pawn
unattacked, which proves fatal.} (71... Kg6 $1 {would have seen Black just
escape, as after} 72. c6 Nxc6+ 73. Bxc6 Kf7 74. Bd5+ Kf8 {it makes a deciding
difference that the white pawns are now on a4 and f6, and thus much easier to
attack. After} 75. Bc4 Nc3 76. Bb3 {Black just bides his time with} Ke8 {and}
77. Kd4 Ne2+ {almost by magic draws. The crucial point is} 78. Kc4 ({and as
well} 78. Kc5 Nc3 $1 {threatening to take on a4, and after the bishop takes
back, then ...Kf7 clearing off the last pawn. It still feels very
counter-intuitive to me, that this, as well as the ending analysed above both
are drawn for Black, but the computer does verify that there is no way, White
can exploit his seemingly big superiority.}) 78... Nc1 $1 {attacking the
bishop, and then having ...Kf7 next winning the f6-pawn,}) {Even so, the drama
was not over, as in the commentary room, the computers indicated that White
had only one way to exploit the favour, and Magnus took almost all of his
remaining 2 minutes on the clock, before calmly retreating his king.} 72. Ke4
$1 {The point is that is the king reaches e3, the knihts are doomed, as the
king attacks both, and Bc4 next will just pick one up for free, so Nakamura
tries:} Nc2 73. c6 Nc3+ 74. Ke5 $1 {The king has done its job and now returns
to its more natural place, helping the passd pawns. The threat, is c7 queening,
so taking on a4 is forced, but fails as...} Nxa4 75. Bb3 {...is a simple fork,
picking up one of the knights, while still keeping the 2 passed pawns, leaving
Black in a hopeless position.} Nb6 76. Bxc2 a4 77. c7 Kf7 78. Bxa4 ({And
seeing that} 78. Bxa4 Nc4+ 79. Kd5 Nb6+ 80. Kc5 $1 {is hopeless and that after}
Nc8 (80... Nxa4+ 81. Kc6 $1) 81. Bd7 Na7 82. Kb6 {White soon queens, Nakamura
resigned. A lot was still to come, before Magnus had pulled of a spectacular
last minute comeback, to take both the tournament and the tour, but without
this win, the possibility would not have been there.}) 1-0

[Event "London Classic 7th Tiebreak"]
[Site "London"]
[Date "2015.12.13"]
[Round "2.1"]
[White "Carlsen, Magnus"]
[Black "Vachier Lagrave, Maxime"]
[Result "1-0"]
[WhiteElo "2834"]
[BlackElo "2773"]
[Annotator "Sagar Shah/CB Website"]
[PlyCount "113"]
[EventDate "2015.12.13"]
[EventType "k.o. (rapid)"]
[EventRounds "2"]
[EventCountry "ENG"]
[SourceTitle "CBM 170"]
[Source "ChessBase"]
[SourceDate "2016.01.15"]
[SourceVersion "1"]
[SourceVersionDate "2016.01.15"]
[SourceQuality "1"]

1. e4 c5 2. Nf3 d6 3. Bb5+ {After having played the same line successfully
against Grischuk in the classical game earlier in the day, Magnus does not
flinch from giving it another go.} Bd7 4. Bxd7+ Qxd7 5. c4 Nf6 6. Nc3 g6 7. d4
cxd4 8. Nxd4 Bg7 9. f3 (9. O-O O-O 10. f3 Rc8 11. b3 d5 $1 $11 {is known to be
an equalising idea since a long time. Hence f3 is more accurate than 0-0.})
9... O-O 10. Be3 Nc6 11. Rc1 Nxd4 12. Bxd4 Rfc8 13. b3 {This is a position
with small but stable edge for White.} Nh5 $5 14. O-O Bxd4+ 15. Qxd4 Nf6 16.
Rfe1 $1 {Magnus brings his rooks to the central files.} Rc7 17. Rcd1 Qc6 18.
Nb5 (18. Nd5 Nxd5 19. exd5 $14 Qc5 20. Qxc5 dxc5 21. Rd2 {is also a pleasant
position but maybe Black can defend this as e7 is the only weakness right now.}
) 18... Rd7 19. Nxa7 Qc5 20. Qxc5 dxc5 21. Nb5 Rxa2 22. e5 Rxd1 23. Rxd1 Nh5
24. g3 Rb2 25. Rd8+ Kg7 26. Re8 Rb1+ (26... Rxb3 27. Rxe7 Rxf3 28. Nd6 $16 {
Black's biggest problem is his knight on h5.}) 27. Kg2 Rb2+ 28. Kg1 Rb1+ 29.
Kg2 Rb2+ 30. Kh3 e6 31. Re7 Rxb3 32. Kg4 (32. Nd6 Rxf3 33. Kg2 Rc3 34. Rxf7+
Kg8 35. Rxb7 $16 {was a better way to gain an edge.}) 32... Kf8 33. Rxb7 h6 34.
Rc7 f5+ 35. exf6 Nxf6+ 36. Kf4 g5+ 37. Ke5 Ne8 38. Rxc5 Re3+ 39. Kd4 Rxf3 {
Maxime was playing with great speed and already had a big time advantage. Now
his position was also pretty much defensible.} 40. Re5 Rf2 41. Rxe6 Rxh2 42. c5
h5 43. Nd6 $6 (43. Nc3 $14) 43... Nxd6 44. cxd6 Kf7 45. Re3 h4 46. g4 h3 47.
Ke5 Rh1 48. d7 Ke7 49. Kf5+ Kxd7 50. Kxg5 {It seems as if White is completely
winning here because he just keeps an eye on the pawn with the rook. For eg.
h2 is met with Re2, the black king is cut off and the white king moves to the
h-file and starts pushing the g-pawn down the board. However, there is a study
like solution for Black to draw the game.} Kd6 (50... h2 51. Re2 Kd6 $1 {
The only move. Black has to wait till the white king goes to the h-file before
leaving the h1 square with his rook.} 52. Kh5 (52. Kg6 Rg1 $11) 52... Rc1 $1
53. Rxh2 Rc8 $3 {The only way to make a draw. The threat of skewering the rook
from h8 makes it impossible to push the pawn to g5 which would be a
theoretical win.} 54. Re2 Rh8+ 55. Kg5 Rg8+ 56. Kh5 Rh8+ $11) 51. Kh5 Rf1 $2 (
51... h2 $1 52. Re2 Rc1 53. Rxh2 Rc8 $1 {and just like in the previous
variation Black makes a draw.}) 52. Rxh3 Ke7 53. Kg6 $1 {Shouldering!} Rf6+ 54.
Kg7 Rf7+ 55. Kg6 Rf6+ 56. Kg5 Ra6 (56... Kf7 57. Rh7+ $18) 57. Rf3 {The basic
Lucena position will be reached pretty soon and Black will have to resign. A
very interesting game especially with a nice touch in the rook endgame.} 1-0